On This Day: March 13th II Quiz Stats

 Plays Quiz Updated Mar 13, 2018

Score 0/7 Timer 03:00
0 Plays Today
Question Answer Wrong Answers
This American religious leader and science-fiction author, founder of the Church of Scientology, is born.
1911
L. Ron Hubbard
91.6%
David Miscavige
2.4%
Mike Rinder
1.2%
Jack Parsons
3.4%
The United States Department of Justice announces that this oil company agrees to pay $1 billion for the clean-up of the devastating oil spill in Alaska from two years prior.
1991
Exxon
82.3%
BP
11%
Chevron
2%
Shell
3%
Jorge Bergoglio of this South American country is elected as the 266th Pope of the Catholic Church, and takes the name Francis.
2013
Argentina
78.9%
Peru
3.2%
Chile
6.2%
Brazil
9.8%
The Kapp Putsch briefly ousts the ______ Republic government from Berlin.
1920
Weimar
69.2%
Leipzig
15.6%
Dresden
10.7%
Gotha
2.9%
The US government forbids all Union army officers from returning escaped slaves, effectively annulling the ______ Slave Act of 1850, and setting the stage for the Emancipation Proclamation.
1862
Fugitive
58.4%
Runaway
38%
Wanted
1.3%
Outlaw
2.2%
This Emperor of Russia, known for his many liberal reforms like abolishing serfdom, is assassinated.
1881
Alexander II
50.2%
Paul I
1.6%
Peter III
28.7%
Ivan IV
18.9%
As part of the Second Boer War, British forces occupy this city in the Orange Free State, today the judicial capital of South Africa.
1900
Bloemfontein
42.5%
Cape Town
22.4%
Durban
2.7%
Johannesburg
31.5%

You're not logged in!

Compare scores with friends on all Sporcle quizzes.
OR
Log In

Sporcle TV

Today on Sporcle TV


Watch our educational content, quiz creation guides, and fun videos on Sporcle TV.

Show Comments

Extras

Top Quizzes Today


Score Distribution

Your Account Isn't Verified!

In order to create a playlist on Sporcle, you need to verify the email address you used during registration. Go to your Sporcle Settings to finish the process.

Report this User

Report this user for behavior that violates our Community Guidelines.

Details: